00838nam a2200193 a 450000100100000000500170001000800410002704000250006808200160009311000320010924000170014124500840015826000440024230000200028671000690030695201230037595201290049899900170062700003602920200930074820.0111123s1992 dr 000 0 spa d aDO-SdBNPbspacBNPHU axxxxbR426l1 aRepública Dominicana944710a[Leyes etc.]10aLeyes, decretos y resoluciones sobre el trabajo asalariado en el año de 1991. aSanto Domingo :bEditora Taller,c1992. a71 p. ;c21 cm.2 aSecretaría de Estado de Trabajo, República Dominicana962076 001054708PDaPDbPDcCTd2011-11-23iLF1l0oxxxx R426lp36029-10r2020-06-25w2020-06-25yLFPDZPréstamo en sala 001054728PDaPDbPDcCTd2013-06-21iLF1l0oxxxx R426lp36029-20r2020-06-25te. 2w2020-06-25yLFPDZPréstamo en sala c35520d35520